| 000 | 00921nam a2200241 a 4500 | ||
|---|---|---|---|
| 005 | 20231123063618.0 | ||
| 008 | 030507s2000 mx r 000 0 spa d | ||
| 020 | _a9701844033 | ||
| 035 | _aUPN01000123929 | ||
| 049 | _aLTG | ||
| 050 | 4 |
_aLB2002 A1 _bO2.9 2000 |
|
| 245 | 0 | 0 |
_aObservación y práctica docente III : _bprograma y materiales de apoyo para el estudio : licenciatura en educación primaria quinto semestre. |
| 250 | _a2a ed. | ||
| 260 |
_aMéxico : _bSEP, _c2000. |
||
| 300 | _a54 p. | ||
| 440 | 0 | _aPrograma para la Transformación y el Fortalecimiento Académicos de las Escuelas Normales | |
| 650 | 4 |
_aPrácticas de la enseñanza _92849 |
|
| 650 | 4 |
_aEducación primaria _zMéxico _xPlanes y programas _99975 |
|
| 650 | 4 |
_aEducación normal _zMéxico _vPlanes y programas _912330 |
|
| 710 | 1 |
_aMéxico. _bSubsecretaría de Educación Básica y Normal _927954 |
|
| 905 | _aLibro | ||
| 999 |
_c96108 _d96108 |
||